| 000 | 01094nam0a22002891 4500 | ||
|---|---|---|---|
| 001 | rc\2768227 | ||
| 005 | 20250810043359.0 | ||
| 035 | _a(NLR Aleph) 006894642 | ||
| 090 |
_a7183539 _c7183539 |
||
| 100 | _a20110915d1941 u y0rusy50 ca | ||
| 101 | 0 | _arus | |
| 102 | _aRU | ||
| 105 | _ac z |||a| | ||
| 200 | 1 |
_aЛенин в поэзии _eСтихотворения, поэмы, песни, народные сказы _fСост. А. Е. Адалис, Л. О. Белов |
|
| 210 |
_aМосква _cГослитиздат _d1941 |
||
| 215 |
_a216, [8] с., 1 л. портр. _d21 см. |
||
| 300 | _aНа последней стр.: Сост. А. Е. Адалис, Л. О. Белов | ||
| 300 | _aОтсутствуют с. 157-162 | ||
| 700 | 1 |
_7ca _8rus _aАдалис _bА. _f1900-1969 _gАделина _9254432 _3RU\NLR\AUTH\770254488 |
|
| 701 | 1 |
_aБелов _bЛ.О. |
|
| 801 | 0 |
_aRU _bNLR _gpsbo |
|
| 801 | 1 |
_aRU _bELAR _2rusmarc |
|
| 852 |
_aNLR _jМ20 Г-3/10 |
||
| 942 | _cBOOK | ||
| 945 | _aРоссийская национальная библиотека | ||
| 980 | _aNB | ||
| 980 | _aBV | ||